McGraw-Hill dictionary of science and engineering / (Record no. 136464)
[ view plain ]
| 000 -LEADER | |
|---|---|
| fixed length control field | 00565nam a2200193 4500 |
| 010 ## - LIBRARY OF CONGRESS CONTROL NUMBER | |
| LC control number | A-234498 |
| 020 ## - INTERNATIONAL STANDARD BOOK NUMBER | |
| International Standard Book Number | 0070454833 |
| Terms of availability | 00.00 |
| 035 ## - SYSTEM CONTROL NUMBER | |
| System control number | A-234498 |
| 037 ## - SOURCE OF ACQUISITION | |
| Stock number | Cen Lib/Ret |
| 040 ## - CATALOGING SOURCE | |
| Original cataloging agency | DPL |
| Language of cataloging | EN |
| 082 ## - DEWEY DECIMAL CLASSIFICATION NUMBER | |
| Classification number | 503 |
| Item number | MCG |
| 245 ## - TITLE STATEMENT | |
| Title | McGraw-Hill dictionary of science and engineering / |
| Statement of responsibility, etc | edited by Sybil P Parker |
| 260 ## - PUBLICATION, DISTRIBUTION, ETC. (IMPRINT) | |
| Place of publication, distribution, etc | New York |
| Name of publisher, distributor, etc | McGraw-Hill Company |
| Date of publication, distribution, etc | 1984 |
| 270 ## - ADDRESS | |
| City | New York |
| 300 ## - PHYSICAL DESCRIPTION | |
| Extent | 942p. |
| Other physical details | 22cm |
| 650 ## - SUBJECT ADDED ENTRY--TOPICAL TERM | |
| Topical term or geographic name as entry element | Science -- Dictionaries. |
| 650 ## - SUBJECT ADDED ENTRY--TOPICAL TERM | |
| Topical term or geographic name as entry element | Technology -- Dictionaries. |
| 942 ## - ADDED ENTRY ELEMENTS (KOHA) | |
| Source of classification or shelving scheme | Dewey Decimal Classification |
| Koha item type | English Books |
| Classification part | 503 |
| Call number suffix | MCG |
| Withdrawn status | Lost status | Damaged status | Not for loan | Collection code | Home library | Current library | Date acquired | Source of acquisition | Cost, normal purchase price | Total Checkouts | Full call number | Barcode | Date last seen | Copy number | Cost, replacement price | Price effective from | Koha item type |
|---|---|---|---|---|---|---|---|---|---|---|---|---|---|---|---|---|---|
| Not For Loan | Reference | Central Library | Central Library | 03/03/2016 | Cen Lib/Ret | 0.00 | 503 MCG | A-234498 | 03/03/2016 | 1 | 0.00 | 03/03/2016 | English Books |
